| 000 | 00676nam a22002057a 4500 | ||
|---|---|---|---|
| 999 |
_c9618 _d9618 |
||
| 003 | AR-CdUCM | ||
| 008 | 190328b ||||| |||| 00| 0 spa d | ||
| 040 |
_aMUNICIPALIDAD PROVINCIAL DEL CUSCO _cBIBLIOTECA MUNICIPAL DEL CUSCO |
||
| 082 |
_a869.56 / _bM43A / 1971 |
||
| 100 |
_aMercado, Guillermo _9952 |
||
| 245 |
_aAguafuerte : _bpoema a Tupac Amaru / |
||
| 260 |
_aArequipa : _b[s.e], _c1971. |
||
| 300 |
_a[s.n] ; _c19.5 cm. |
||
| 500 | _aDonación de la familia Nieto. Publicación artesanal. | ||
| 650 |
_aPoesía peruana _9806 |
||
| 650 |
_aPoesía conmemorativa - Tupac Amaru _925938 |
||
| 650 |
_aPoetas peruanos _91611 |
||
| 942 |
_2ddc _cLIBROS |
||
| 945 | _alccs | ||